| 000 | 00790nam a2200229Ia 4500 | ||
|---|---|---|---|
| 999 |
_c6355 _d6355 |
||
| 003 | OSt | ||
| 005 | 20200521125139.0 | ||
| 008 | 191128s1981 yo gr 000 0 eng d | ||
| 040 |
_aCO-JMCR _cCO-JMCR |
||
| 041 | 0 | _aeng | |
| 082 | 0 | 4 |
_a330.092 / _bM122d _223 |
| 100 | 1 |
_aMaddux, John L., _eautor _94660 |
|
| 245 | 1 | 4 |
_aThe development philosophy of Robert S. McNamara / _cJohn L. Maddux |
| 260 |
_aWashington : _bWorld Bank, _c1981 |
||
| 300 |
_a48 páginas ; _c22 cm. |
||
| 505 | _aThe background -- The evolution of McNamara's development thinking -- The McNamara legacy | ||
| 650 | 1 | 4 |
_aFuncionarios públicos _94661 |
| 650 | 2 | 4 |
_aPensamiento económico _92296 |
| 650 | 2 | 4 |
_aDesarrollo económico _94662 |
| 650 | 2 | 4 |
_aMcNamara, Robert S. _xTextos políticos _94663 |
| 942 |
_2ddc _cBK |
||